000 00756nam a2200253#a 4500
001 00605
003 HDC
007 ta
008 230623s1999 xx 000 0 eng d
020 _a0070534489 (hbk.).
040 _aHDC
050 _aHD 69
_b.C6 R38 1999
100 _aRasiel, Ethan M.
245 4 _aThe McKinsey way :
_busing the techniques of the world s top strategic consultants to help you and your business /
_cEthan M. Rasiel.
264 _aNew York :
_bMcGraw-Hill,
_cc1999.
300 _axv,187p. :
_b ill. ;
_c 24cm.
500 _aIncludes bibliographical references and index.
650 _aBusiness consultants.
650 _aIndustrial management.
942 _2lcc
942 _cBK
942 _kHD 69
942 _m.C6 R38 1999
999 _c22243
_d22243